000 00723cam a2200181 i 4500
005 20260114120811.0
008 250721s2003 sy gr 000 0 ara d
082 1 4 _a306.956
_bط ا ل
100 1 _aطالب، محمد سعيد
_eمؤلف.
245 1 2 _aالحداثة العربية مواقف و أفكار :
_bالفكر العربي بين وعي الذات و هيمنة الآخر /
_cمحمد سعيد طالب.
264 3 1 _aدمشق :
_bالأهالي للطباعة والنشر والتوزيع،
_c2003.
300 _a342 صفحة.
650 1 7 _aالثقافة.
650 1 7 _aالبلدان العربية.
650 1 7 _aالفكر العربي.
942 _2ddc
_cBK
999 _c74130
_d74130